|
|
|
|
| LEADER |
01089cam a22002657i 4500 |
| 001 |
4639485 |
| 003 |
GR-PaULI |
| 005 |
20210117210459.0 |
| 008 |
171017s1992 fr a f b 000 0 fre d |
| 020 |
|
|
|a 2038711038
|
| 020 |
|
|
|z 2-03-871103-X
|
| 040 |
|
|
|a GR-PaULI
|b gre
|c GR-PaULI
|e AACR2
|
| 082 |
0 |
4 |
|a 842.4
|2 23
|
| 100 |
1 |
|
|a Corneille, Pierre,
|d 1606-1684
|9 101979
|e συγγραφέας
|
| 245 |
0 |
2 |
|a L'illusion comique :
|b édition de 1639 /
|c Corneille ; édition présentée, annotée et commentée par Catherine Magnien-Simonin.
|
| 260 |
|
|
|a Paris :
|b Larousse,
|c 1992.
|
| 300 |
|
|
|a 216 σ. :
|b εικ. ;
|c 17 εκ.
|
| 490 |
1 |
|
|a Classique Larousse
|
| 504 |
|
|
|6 Περιλαμβάνει βιβλιογραφία.
|
| 700 |
1 |
4 |
|a Magnien-Simonin, Catherine.
|9 158602
|e επιμελήτρια
|
| 830 |
|
0 |
|9 160015
|a Classiques Larousse
|
| 942 |
|
|
|2 ddc
|c BK15
|
| 952 |
|
|
|0 0
|1 0
|2 ddc
|4 0
|6 842_400000000000000_COR_MAG
|7 0
|9 216346
|a THST
|b THST
|d 2017-10-17
|i 002522
|l 0
|o 842.4 COR MAG
|p 025000013873
|r 2017-10-17 00:00:00
|t 1
|v 2017.00
|w 2017-10-17
|y BK15
|
| 998 |
|
|
|c ΜΑΝΙΑ
|d 2017-10
|
| 999 |
|
|
|c 131223
|d 131223
|